000
00303nam a22001337a 4500
008
170220b xxu||||| |||| 00| 0 eng d
020
_a
9780071454285
041
_a
eng
080
_2
11TH
_a
615
100
_a
5
101
_a
SHM
245
_a
CLINICIAN'S POCKET REFERENCE
_c
GOMELLA, L.G
942
_2
udc
_c
BK
999
_c
5809
_d
5809